Problémy počítačového riadenia rýchlych procesov : Kand.diz.práca : V.odb. 26-15-9 : Obh. 05.10.1983 /

Enregistré dans:
Détails bibliographiques
Auteur principal: Šurka, Juraj (Auteur)
Autres auteurs: Kalaš, Václav (Directeur de thèse)
Format: Manuscrit Livre
Publié: Bratislava : SVŠT v Bratislave EF, 1983
Sujets:
Tags: Ajouter un tag
Pas de tags, Soyez le premier à ajouter un tag!

MARC

LEADER 00000ntm a22000003a 4500
001 stu4576
005 20150617225658.6
008 ------s1983----------------------------d
040 |a STU  |b slo 
041 0
100 1 |a Šurka, Juraj  |4 aut 
245 1 |a Problémy počítačového riadenia rýchlych procesov :  |b Kand.diz.práca : V.odb. 26-15-9 : Obh. 05.10.1983 /  |c [aut.] řurka,Juraj, Ing.; Škol. Kalaš,Václav 
260 |a Bratislava :  |b SVŠT v Bratislave EF,  |c 1983 
300 |a 111 s :  |b príl +  |c Autoref.1983, 14 s 
650 7 |a technická kybernetika  |2 stusub 
650 7 |a riadiace počítače  |2 stusub 
650 7 |a automatické riadenie  |2 stusub 
650 7 |a počítačové systémy hromadnej obsluhy  |2 stusub 
700 1 |a Kalaš, Václav  |4 ths  |u E010  |T FEI Ústav riadenia a priemyselnej informatiky  |U E010  |Y E010 
996 |b 284ED00748  |c E*KDIZ-416  |l EE01  |s A  |a 24  |w stu4576_0001